000 00672nam a22002297a 4500
008 131130b xxu||||| |||| 00| 0 eng d
020 _a0-582-016303
024 _cAvailable
037 _cAvailable
040 _aMBSTU LIBRARY
_dMBSTU LIBRARY
082 _222
_a330.9637 KNC
100 _aKnapp, Brian J.
245 _aChallenge of the economic environmental.
260 _aEngland
_bLongman.
_c1987
300 _a26 cm.
_b271 page
_f1
_g26 cm.
600 _2Economic geography.
650 _2Economic geography.
700 _aKnapp, Brian J.
270 _aEngland
_bEngland
_dUK.
942 _2ddc
_cBK
999 _c905
_d905